000
00248nam a2200109Ia 4500
008
190216s9999||||xx |||||||||||||| ||und||
100
_a
Kurup
245
0
_a
Crastation Antha Sraviyam
260
_b
M M Publication
650
_a
Zoology
942
_c
BK
999
_c
39651
_d
39651